Honduras: elecciones la salida de los sectores dominantes al golpe de Estado /
Electo en los comicios del 29 de noviembre de 2009, Porfirio Lobo asumió la presidencia en medio del aislamiento internacional y las movilizaciones internas a favor del regreso del presidente depuesto Manuel Zelaya. El siguiente artículo analiza la resistencia social en el marco de este período tan...
Guardado en:
| Hovedforfatter: | |
|---|---|
| Format: | Texto |
| Fag: | |
| Tags: |
Tilføj Tag
Ingen Tags, Vær først til at tagge denne postø!
|
MARC
| LEADER | 00000 a a2200000 04500 | ||
|---|---|---|---|
| 001 | 43126 | ||
| 003 | |||
| 040 | |||
| 100 | |a Sosa, Eugenio | ||
| 245 | |a Honduras: |b elecciones la salida de los sectores dominantes al golpe de Estado / |c Eugenio Sosa | ||
| 520 | |a Electo en los comicios del 29 de noviembre de 2009, Porfirio Lobo asumió la presidencia en medio del aislamiento internacional y las movilizaciones internas a favor del regreso del presidente depuesto Manuel Zelaya. El siguiente artículo analiza la resistencia social en el marco de este período tan convulso en Honduras. | ||
| 590 | |a RRH/AGOSTO2013 | ||
| 650 | |a 1.CONFLICTOS SOCIALES | ||
| 650 | |a 2.ESTADO | ||
| 650 | |a 3.ELECCIONES | ||
| 650 | |a 4.POLITICA | ||
| 650 | |a 5.HONDURAS | ||
| 773 | |g volumen12, número29 (mayo, 2011), 193-197 | ||
| 999 | |c 32727 |d 32727 | ||
